000
00321nam a2200157Ia 4500
100
_a
Singh/ Ravish R
490
_v
1
942
_c
BK
654
_a
electricity
245
_a
Basic electricity
260
_b
Nirali prakashan
_a
Pune
_c
1999
082
_a
621.3
_b
SIN
300
_a
196
546
_a
ENGLISH
999
_c
35676
_d
35676